LDR 01008naa#a2200181#i#450# 001 RU\INFRA-M\bibl\116569 005 20260513160639.3 011 ## _a2500-0527 100 ## _a20260427b2026####ek#y0rusy0150####ca 102 ## _aRU 200 1# _aИндексный метод в анализе хозяйственной деятельности сельскохозяйственных предприятий _eЖурнальная статья 210 1# _aМосква _cОбщество с ограниченной ответственностью «Научно-издательский центр ИНФРА-М» _d2026 215 ## _a7 с. 608 ## _aЖурнальная статья _2local 675 ## _aЭкономика. Народное хозяйство. Экономические науки. 33 _aЭкономика сельского хозяйства. Продовольственный комплекс. 338.43 _z 700 #1 _aБаранова _gИ. В. 700 #1 _aСельская _gВ. В. 856 4# _anaukaru.ru _u